000
00274nam a22001217a 4500
999
_c
532435
_d
532435
003
NUST
038
_a
waseem
082
_a
720
_b
FER
245
_a
The Sait Halim Pasa Yali /
260
_a
Turkey :
_b
Turkiye Kalkinma Bankasi,
_c
[s.l].
300
_a
160 p. ;
942
_2
ddc
_c
BK